00513nam a22001577a 450000500170000001000150001702000260003203500140005803700130007208200160008524501160010126000520021727000400026930000260030970000200033520220520114826.0 aENG-132740 a9780199463527c799.00 aEN-116272 bDBAD/PUB a954.0420924 aSelected Works of Jawaharlal Nehru:bVolume Sixty Two (1st Auguts-31 August 1960)/cEdited by Madhavan K. Palat aNew DelhibJawaharlal Nehru Memorial Fundc2015 aTeen Murti HousebNew Delhie110011 axxi, 683p.c25cm(hbk) aPalat, Madhavan